000 00344nam a2200121Ia 4500
008 191014s9999 xx 000 0 und d
082 _a513.83
_bNEW
100 _aM.H. A. Newman
_920394
245 0 _aElements of The Topology of Plane Sets of Points
260 _aBedford
_bCambridge University Press
_c1961
300 _aVi,214
942 _cBK
999 _c530974
_d530974